000 00278nam a22001337a 4500
008 170204b xxu||||| |||| 00| 0 eng d
020 _a9781416044154
041 _aeng
080 _a61
100 _a3
101 _aSHM
245 _a2008 ICD-9-CM
_cBUCK. C.J
942 _2udc
_cBK
999 _c4657
_d4657